Sabrina Carpenter - Paroles Couldn't Make It Any Harder - Statistiques

Statistiques générales
  • Ce quiz a été pris 27 fois
  • Le résultat moyen est 157 sur 194
Statistiques - réponses
Hint Réponse % Correct
a
100%
Any
100%
couldn't
100%
hard
100%
harder
100%
I
100%
it
100%
know
100%
make
100%
me
100%
no
100%
to
100%
you
100%
You
100%
love
94%
Couplet 1 Oh,
94%
Bridge Oh
94%
(Ooh)
94%
Your
94%
your
94%
you're
94%
And
89%
but
89%
Refrain But
89%
touch
89%
can
83%
don't
83%
how
83%
let
83%
my
83%
say
83%
the
83%
are
78%
arms
78%
'Cause
78%
frustrated
78%
heart
78%
is
78%
meet
78%
reachin'
78%
take
78%
will
78%
am
72%
be
72%
for
72%
glass
72%
half
72%
not
72%
now
72%
of
72%
So
72%
than
72%
throbbin'
72%
version
72%
as
67%
can't
67%
easy
67%
full
67%
give
67%
I'd
67%
in
67%
Meeting
67%
never
67%
was
67%
what
67%
you'll
67%
You'll
67%
eager
61%
easier
61%
Couplet 2 Fuckboys
61%
that
61%
Well,
61%
emotion
56%
Heard
56%
just
56%
kind
56%
reactionary
56%
should
56%
someone
56%
stomach
56%
tell
56%
them
56%
they
56%
this
56%
want
56%
day,
50%
graveyard
50%
look
50%
makes
50%
nice
50%
one
50%
while
50%
with
50%
believe
44%
goddamn
44%
thank
44%
tryna
44%
comments
39%
Filled
39%
Meanwhile,
39%
folded,
33%
formative
33%
Would've
33%
pivotal
22%
Aucun quiz correspondant
Distribution des résultats
% des personnes avec chaque résultat
Percentile par nombre de réponses
Votre historique - résultats
Vous n’avez pas pris ce quiz